| 000 | 00646nam a2200181Ia 4500 | ||
|---|---|---|---|
| 008 | 151202s9999||||xx |||||||||||||| ||und|| | ||
| 082 | _bPNVM-41984 | ||
| 100 | _aदेवार ज्योत्स्ना. | ||
| 245 | _aमूठभर माणुसकी. | ||
| 260 | _b"नवचैतन्य प्रकाशन,बोरोवली." | ||
| 260 | _c1998 | ||
| 300 | _a168 | ||
| 600 | _aदेवार ज्योत्स्ना. | ||
| 630 | _aमूठभर माणुसकी. | ||
| 700 | _aदेवार ज्योत्स्ना. | ||
| 730 | _aमूठभर माणुसकी. | ||
| 942 | _cBOOK | ||
| 999 |
_c1307936 _d1307933 |
||